00462nam a2200181 a 4500001001300000003000900013005001700022008004100039020001000080082001600090100001500106245002800121260005000149500003500199505001000234650002100244700001500265nice12345678IN_TiNIC20260116011254.0050524s1909 cama grc 000 0 elg  ac10000a221.48bSWE aSwete, H B aOld Testament in Greek. aCambridge bCambridge University Press c1909 aincludes index and biblioraphy2 aIndex aBible O.T. Greek1 aSwete, H B